Quizzes
Events
Quiz Creation
Community
Videos
Private Events
Remove Ads
Sign In
Join for FREE
Feedback
Dark Mode
Quiz Categories
Sports
Geography
Music
Movies
Television
Just For Fun
Miscellaneous
History
Literature
Language
Science
Gaming
Entertainment
Religion
Holiday
For Kids
Quiz Lab
Recent
Popular Today
Quiz Kudos Today
Editor Picks
Curator Picks
Quizzes by...
Day
Popularity
Type
Ratings
Length
Year
Community
Subscriptions
Recent Discussions
Orange Saloon
Badges
Playlists
Quests
Create
Leaderboards
Showdown
Live 5
Trivia Bingo
Activity
Puzzle Library
Sporcle Events
Private Events
Virtual Trivia
Globe League
Become a Host
Pub Owners
SporcleCon
Opinionation
Our Games
Videos
Blog
Mobile Apps
Partnerships
Remove Ads and Go Orange
Feedback
Literature
Harry Potter
A Song of Ice and Fire
The Hunger Games
Literary Character
Shakespeare
Book
Author
Novel
Poem
Young Adult
Children's Books
Play
Lord of the Rings
Literature
Harry Potter
A Song of Ice and Fire
The Hunger Games
Literary Character
Shakespeare
Book
Author
Novel
Poem
Young Adult
Children's Books
Play
Lord of the Rings
Random Quiz
Search Sporcle
×
Quiz Lab
Quiz Lab
Literature
Literary Character
Type in answers that appear in a list
Type in answers that appear in a list
Classic
Best Score? Go Orange.
Countries that have not signed the Berne Convention Stats
Can you name the countries that have not signed the Berne Convention on the Protection of Literary and Artistic Works?
By
jkl87
5m
30 Questions
70 Plays
70 Plays
70 Plays
Comments
Comments
Give Quiz Kudos
Give Quiz Kudos
-
- Ratings
hide this ad
Replay
Link that replays current quiz
Next Quiz
Link to next quiz in quiz playlist
You Got
0%
They Got
Avg Score
34%
Avg Friend Score
Upgrade to see
Score Distribution
Jump to the score distribution portion of the page
Score
0/30
Timer
05:00
0
Plays Today
Country
% Correct
Iran
71.4%
Iraq
71.4%
Afghanistan
55.7%
Eritrea
47.1%
Burma
47.1%
Somalia
47.1%
Ethiopia
40%
Taiwan
37.1%
Angola
34.3%
Papua New Guinea
34.3%
Burundi
31.4%
Cambodia
31.4%
Kiribati
31.4%
Laos
31.4%
Palau
31.4%
Country
% Correct
Kuwait
30%
Sao Tome and Principe
30%
Solomon Islands
30%
Sierra Leone
28.6%
Turkmenistan
28.6%
Uganda
28.6%
Maldives
27.1%
Nauru
27.1%
Tuvalu
25.7%
Vanuatu
25.7%
Timor-Leste
24.3%
Marshall Islands
24.3%
Seychelles
24.3%
Mozambique
22.9%
San Marino
20%
Quiz Playlist
Details
Report
Send in Message
Add To Playlist
Classic:
Type in answers that appear in a list
Last Updated: Feb 16, 2017
Quiz Scoreboard
CHALLENGE
Sign Up to Join the Scoreboard
Show All
Scores
Hide
Comments
May contain spoilers
Recently Published
NBA Finals Game Top Scorers (2010s)
by flibbidy
Sports
5m
Guess the 'R' Things in 3 Words
by MSUKent
Miscellaneous
3m
Actor to Badly Drawn Movie III
by MoMosMoProblems
Movies
5m
More to Explore
Quiz From the Vault
Featured Blog Post
Where Does Lost Luggage Go?
hide this ad
You Might Also Like...
Tags
Country Quiz
Literary Character Quiz
Convention
protection
Signed
Today's Top Quizzes in Literature
Browse Literature
hide this ad
Today's Top Quizzes in Literary Character
Browse Literary Character
Top Contributed Quizzes in Literature
1
3-Word Books in 1 Word II
2
Mad Scientists in Literature
3
Image Sorting: Children's Book Characters
4
Pick 3: Harry Potter Hogwarts Quidditch Players
5
HP Logic Puzzle: 'Eyes green as fresh-picked toads...'
6
Harry Potter Logic Quiz New
7
Quick Pick: Margaret Atwood Novels
8
Quick Pick: Literary Title Characters 1
9
Literature Missing Word Rainbow
10
Sneaky Slytherin Logic Puzzle
Explore More
Trending Topics
Marvel
NBA
Disney
Harry Potter
Kpop
Anime
Crossword
WWE
Pokémon
Soccer
NFL
Country
Puzzle
Song
The Office
hide this ad
More By:
jkl87
Quiz
Plays
Rating
Category
Featured
Created
Voldemort's Horcrux Possessors
64,689
4.69
Literature
Aug 29, 2011
Harry Potter: A-Z Characters Most Mentions Minefield
28,240
3.51
Literature
Aug 23, 2011
26 Easternmost US States MINEFIELD
6,345
3.91
Geography
Jul 22, 2011
The Death of Lord Voldemort (1926-1998)
1,431
4.44
Literature
Aug 1, 2011
Vietnam War Belligerents
1,162
2.79
History
Jul 7, 2011
Go to Creator's Profile
Score Distribution
Quiz Creator Spotlight
jkl87
Follow
Send a Message
Quizzes Created
-
Created Quiz Play Count
-
More By This Creator
Popular Quizzes Today
1
Find the US States - No Outlines Minefield
2
Find the US States
3
The Countries of the World
4
10 Largest US States in Order
5
Find the Countries of Europe - No Outlines Minefield
6
US States
7
Guess the 'R' Things in 3 Words
8
NBA Finals Game Top Scorers (2010s)
More Literature Quizzes
'A' Literary Characters
Published
Trending Quizzes
First Name TV: Leading Men
First Name TV: Leading Women Drama
Match the Book to the Film II
3-Word Movies in 1 Word II
Match the Book to the Film VI
Recently Updated
Women's Final Four Teams by Year
bhenderson79
Presidents Quartet II
eogle
Anything But Clue(do)
eogle
Anything But Oceanian Capitals
eogle
Anything But 7
eogle
Anything But Thing
eogle
Word Ladder: February 29
pecheneg
Song Title Questions
pecheneg
Women's NCAA Tournament #1 Seeds
pecheneg
Celebrity Mug Shots
pecheneg
Trending Topics
Harry Potter
Anime
Crossword
Disney
Marvel
Kpop
NBA
Country
Song
NFL
Puzzle
The Office
Pokémon
Soccer
WWE
Your Account Isn't Verified!
In order to create a playlist on Sporcle, you need to verify the email address you used during registration. Go to your
Sporcle Settings
to finish the process.
Report this User
Report this user for behavior that violates our
Community Guidelines
.
Details:
Send Report
Go to the Sporcle.com Mobile Site →
Comments